Statistiques concernant Villes du Monde sur une carte par lettre - I

Cliquez ici pour prendre le quiz!

Statistiques générales

  • Ce quiz a été pris 2 890 fois
  • Le résultat moyen est 6 sur 16

Réponses sur la Carte

Les réponses sont colorées sur une échelle allant du rouge au vert en fonction du pourcentage des utilisateurs qui les ont devinées à leur premier essai. Vous pouvez retrouver ces pourcentages ci-dessous.
 

Statistiques - réponses

Villes% Correct
Istanbul
92%
Ibiza
75%
Islamabad
74%
Indianapolis
63%
Innsbruck
49%
Izmir
45%
Iekaterinbourg
25%
Irkoutsk
21%
Ispahan
21%
Incheon
18%
Iakoutsk
15%
Iéna
15%
Ibadan
12%
Iaşi
11%
Iqaluit
9%
Indore
6%

Distribution des résultats

Percentile par nombre de réponses

% des personnes avec chaque résultat

Votre développement - résultats

Vous n’avez pas pris ce quiz